Current problems and trends in library and information services. (Record no. 93591)
[ view plain ]
| 000 -LEADER | |
|---|---|
| fixed length control field | 00391nam a2200133Ia 4500 |
| 008 - FIXED-LENGTH DATA ELEMENTS--GENERAL INFORMATION | |
| fixed length control field | 210210b1990 xxu||||| |||| 00| 0 eng d |
| 082 ## - DEWEY DECIMAL CLASSIFICATION NUMBER | |
| Classification number | 025 KHAC |
| 100 ## - MAIN ENTRY--PERSONAL NAME | |
| Personal name | KHAN (H A) and IJARI (S R) |
| 245 ## - TITLE STATEMENT | |
| Title | Current problems and trends in library and information services. |
| 260 ## - PUBLICATION, DISTRIBUTION, ETC. | |
| Place of publication, distribution, etc. | Varanasi |
| Name of publisher, distributor, etc. | Indian Bibliographic Centre |
| Date of publication, distribution, etc. | 1990 |
| 300 ## - PHYSICAL DESCRIPTION | |
| Extent | 370 |
| 690 ## - LOCAL SUBJECT ADDED ENTRY--TOPICAL TERM (OCLC, RLIN) | |
| Topical term or geographic name as entry element | Library Science |
| 906 ## - LOCAL DATA ELEMENT F, LDF (RLIN) | |
| a | 043996 |
| Withdrawn status | Lost status | Source of classification or shelving scheme | Damaged status | Not for loan | Collection code | Home library | Current library | Date acquired | Cost, normal purchase price | Total Checkouts | Full call number | Barcode | Date last seen | Date last checked out | Price effective from | Koha item type |
|---|---|---|---|---|---|---|---|---|---|---|---|---|---|---|---|---|
| Dewey Decimal Classification | General | St Aloysius Library | St Aloysius Library | 02/17/2021 | 0.00 | 1 | 025 KHAC | 043996 | 06/21/2022 | 06/18/2022 | 02/17/2021 | Book |